Característica de la enseñanza musical que se imparte en el Segundo Ciclo del Nivel Básico de las Escuelas Oficiales del Distrito Nacional de la República Dominicana. (Record no. 857)

MARC details
000 -LEADER
campo de control de longitud fija 02457nam a2200529Ia 4500
001 - NÚMERO DE CONTROL
campo de control 937
008 - DATOS DE LONGITUD FIJA--INFORMACIÓN GENERAL
campo de control de longitud fija 241029s9999 xx 000 0 und d
010 ## - NÚMERO DE CONTROL DE LA BIBLIOTECA DEL CONGRESO
Número de control de LC 857
041 ## - CÓDIGO DE IDIOMA
Código de lengua del texto/banda sonora o título independiente Español
082 ## - NÚMERO DE LA CLASIFICACIÓN DECIMAL DEWEY
Número de clasificación F.C.E MA Mus 2011 215
245 #0 - MENCIÓN DEL TÍTULO
Título Característica de la enseñanza musical que se imparte en el Segundo Ciclo del Nivel Básico de las Escuelas Oficiales del Distrito Nacional de la República Dominicana.
260 ## - PUBLICACIÓN, DISTRIBUCIÓN, ETC.
Lugar de publicación, distribución, etc. Santo Domingo
300 ## - DESCRIPCIÓN FÍSICA
Extensión 96
520 ## - RESUMEN, ETC.
Sumario, etc. 37
520 ## - RESUMEN, ETC.
Sumario, etc. El propósito principal del estudio consistió en caracterizar la enseñanza musical que se imparte en el Segundo Ciclo del Nivel Básico de las Escuelas Oficiales del Distrito Nacional de la República Dominicana, detectando los aspectos positivos, así como las faltas del procesos, a fin de que se instauren planes para fortalecer dichos procesos. El presente estudio se enmarcó en el enfoque descriptivo seccional, por medio del cual, se busca establecer las condiciones en las que se desarrolla la enseñanza musical en una muestra representativa de la población docente encargada de impartir la asignatura de Educación Artística en el Segundo Ciclo de la Enseñanza Básica en las Escuelas Oficiales del Distrito Nacional.Se trabajó con una muestra de  treinta y un (31) profesores del área de Educación Artística, de una población total de doscientos setenta y dos (272) y trece (13) directores pertenecientes las Escuelas investigadas, que respondieron el cuestionario sobre las variables del desempeño docente.
630 ## - PUNTO DE ACCESO ADICIONAL DE MATERIA--TÍTULO UNIFORME
Título uniforme Enseñanza
650 ## - PUNTO DE ACCESO ADICIONAL DE MATERIA--TÉRMINO DE MATERIA
Término de materia o nombre geográfico como elemento de entrada Educación Artística
690 ## - PUNTO DE ACCESO ADICIONAL DE MATERIA LOCAL--TÉRMINO DE MATERIA (OCLC, RLIN)
Término de materia o nombre geográfico como elemento inicial Elaborado
700 ## - ENTRADA AGREGADA--NOMBRE PERSONAL
Término indicativo de función/relación asesor
Nombre de persona Peguero, Carlos
700 ## - ENTRADA AGREGADA--NOMBRE PERSONAL
Término indicativo de función/relación autor
Nombre de persona Herrera Báez, Samuel
700 ## - ENTRADA AGREGADA--NOMBRE PERSONAL
Término indicativo de función/relación autor
Nombre de persona Reyes Santos , Juana
901 ## - ELEMENTOS DE DATOS A LOCAL LDA (RLIN)
a {"1":"Herrera Báez","2":"Reyes Santos "}
b {"1":"Samuel ","2":"Juana"}
902 ## - ELEMENTOS DE DATOS B LOCAL, LDB (RLIN)
a 1
903 ## - ELEMENTOS DE DATOS C LOCAL, LDC (RLIN)
a {"1":"Peguero"}
b {"1":"Carlos "}
904 ## - ELEMENTOS DE DATOS D LOCAL, LDD (RLIN)
a Maestría en
905 ## - ELEMENTOS DE DATOS E LOCAL, LDE (RLIN)
a Docencia Educativa
906 ## - ELEMENTOS DE DATOS F LOCAL, LDF (RLIN)
a 2
907 ## - ELEMENTOS DE DATOS G LOCAL, LDG (RLIN)
a NO APLICA
908 ## - COLOCAR PARÁMETRO DE COMANDO (RLIN)
Colocar parámetro de comando NO APLICA
909 ## -
-- Universidad Autónoma de Santo Domingo (UASD)
910 ## - DATOS DE OPCIÓN DEL USUARIO (OCLC)
Datos de opción del usuario NULL
-- NULL
911 ## - EQUIVALENCIA O REFERENCIA-CRUZADA-NOMBRE DE CONFERENCIA O REUNIÓN/CONGRESO [LOCAL, CANADÁ]
Nombre de congreso/reunión o jurisdicción como elemento de entrada ["1"]
912 ## -
-- NO APLICA
913 ## -
-- NULL
914 ## -
-- 01 de Diciembre de 2011
915 ## -
-- 14/11/19 05:11
916 ## -
-- NULL
917 ## -
-- NULL
918 ## -
-- NO APLICA
919 ## -
-- ["202"]
921 ## -
-- 2
922 ## -
-- 2
923 ## -
-- 0
924 ## -
-- NO APLICA
942 ## - ELEMENTOS DE ENTRADA SECUNDARIOS (KOHA)
Tipo de ítem Koha

No items available.

© 2024. Todos los Derechos Reservados. Desarrollado por IDEICE